The seven habits of highly effective people : (Record no. 2658)
[ view plain ]
| 000 -LEADER | |
|---|---|
| fixed length control field | 00598nam a2200169 4500 |
| 008 - FIXED-LENGTH DATA ELEMENTS--GENERAL INFORMATION | |
| fixed length control field | 150728b xxu||||| |||| 00| 0 eng d |
| 020 ## - INTERNATIONAL STANDARD BOOK NUMBER | |
| International Standard Book Number | 0671663984 |
| 050 ## - LIBRARY OF CONGRESS CALL NUMBER | |
| Classification number | BF637.S8C68 1989 |
| 100 ## - MAIN ENTRY--PERSONAL NAME | |
| Personal name | Covey, Stephen R. |
| Dates associated with a name | 1989 |
| 245 ## - TITLE STATEMENT | |
| Title | The seven habits of highly effective people : |
| Remainder of title | restoring the character ethic/ |
| 260 ## - PUBLICATION, DISTRIBUTION, ETC. (IMPRINT) | |
| Place of publication, distribution, etc. | New York : |
| Name of publisher, distributor, etc. | Simon and Schuster, |
| Date of publication, distribution, etc. | ©1989. |
| 300 ## - PHYSICAL DESCRIPTION | |
| Extent | 360 p. : ill. ; |
| Other physical details | Includes indexes. |
| Dimensions | 25 cm |
| 600 ## - SUBJECT ADDED ENTRY--PERSONAL NAME | |
| Personal name | Achievement. |
| 600 ## - SUBJECT ADDED ENTRY--PERSONAL NAME | |
| Personal name | Success -- Psychological aspects. |
| 650 ## - SUBJECT ADDED ENTRY--TOPICAL TERM | |
| Topical term or geographic name as entry element | Character. |
| 942 ## - ADDED ENTRY ELEMENTS (KOHA) | |
| Source of classification or shelving scheme | |
| Koha item type | Hard Covered Materials |
| Classification part | BF637.S8C68 1989 |
| Koha issues (borrowed), all copies | 15 |
| Withdrawn status | Lost status | Source of classification or shelving scheme | Damaged status | Not for loan | Home library | Current library | Shelving location | Date acquired | Source of acquisition | Total Checkouts | Full call number | Barcode | Date last seen | Date last checked out | Price effective from | Koha item type |
|---|---|---|---|---|---|---|---|---|---|---|---|---|---|---|---|---|
| Damaged | MACHAKOS UNIVERSITY LIBRARY | MACHAKOS UNIVERSITY LIBRARY | Reference | 28/07/2015 | Donation (BFA) | 12 | BF637.S8C68 1989 | 6754 | 16/06/2023 | 02/12/2022 | 28/07/2015 | Reference Material | ||||
| MACHAKOS UNIVERSITY LIBRARY | MACHAKOS UNIVERSITY LIBRARY | Open shelf | 30/07/2015 | Donation (BFA) | 26 | BF637.S8C68 1989 | 6910 | 27/07/2023 | 07/07/2023 | 30/07/2015 | Hard Covered Materials |